| 000 | 00365nam a2200133Ia 4500 | ||
|---|---|---|---|
| 008 | 220217s9999||||xx |||||||||||||| ||und|| | ||
| 082 | _a658.403 8 OBR | ||
| 100 | _aO' Brien, James, A | ||
| 245 | 0 | _aManagement information systems | |
| 250 | _a5th | ||
| 260 |
_aTata mcgraw hill _bNew Delhi _c2000 |
||
| 300 | _b325 | ||
| 650 | _aMANAGEMENT INFORMATION SYSTEM | ||
| 999 |
_c170921 _d170921 |
||